000 01197nmc a2200373 a 4500
003 AR-BaBNM
005 20251128204955.0
008 011101s1983 ||||||||||||||000 | spa||
020 _a84-294-2194-7
040 _cAR-BaBNM
100 1 _aToledo González, Miguel
245 1 0 _aLa escuela ordinaria ante el niño con necesidades especiales
260 _aMadrid
_bSantillana
_c1983
300 _a288 p.
_btablas, diagr.
490 0 _aAula XXI
_vv. 29
500 _aAnexo: España. Real Decreto 2639/1982 de Ordenación de la Educación Especial, en lo que se refiere a los niveles de Preescolar y Educación Básica
650 4 _aEDUCACION ESPECIAL
650 4 _aEDUCACION DE CIEGOS
650 4 _aEDUCACION DE SORDOS
650 4 _aNECESIDADES DEL NINO
650 4 _aENURESIA
650 4 _aEPILEPSIA
650 4 _aTRASTORNOS DEL APRENDIZAJE
650 4 _aTRASTORNOS DEL HABLA
650 4 _aPROBLEMAS DE COMPORTAMIENTO
651 4 _aEspaña
653 _aEDUCACION INICIAL
653 _aEDUCACION GENERAL BASICA
700 1 _aPereyra, Miguel
_erevisión
700 1 _aCabellos, Carmen
_erevisión
700 0 _aDos Hermanas
_eprologuista
942 _cBK
998 _csilvi
999 _c9544
_d9544